Upiorny legat /

Saved in:
Bibliografiske detaljer
Hovedforfatter: Chmielewska, Joanna (1932-2013)
Format: Bog
Sprog:polsk
Udgivet: Warszawa : Polski Dom Wydawniczy, 1989
Udgivelse:[Wydanie 2].
Tags: Tilføj Tag
Ingen Tags, Vær først til at tagge denne postø!

MARC

LEADER 00000nam a2200000 i 4500
001 991002846759705066
005 20260515140226.0
008 971010s1989 pl |000 f pol
020 |a 8370430082 
035 |a 991002846759705066 
035 |a (PL-WaBN)b10773204-48omnis_nlop 
035 |a b10773204 
035 |a (OCoLC)69335185 
035 |a zz2005867271 
035 |a (PL)b0000001077320 
035 |a (EXLNZ-48OMNIS_NETWORK)9910122796405606 
040 |a WA N  |c WA N 
080 |a 821.162.1-3 
090 |c 58  |d 57 
100 1 |a Chmielewska, Joanna  |d (1932-2013) 
245 1 0 |a Upiorny legat /  |c Joanna Chmielewska. 
250 |a [Wydanie 2]. 
260 |a Warszawa :  |b Polski Dom Wydawniczy,  |c 1989  |e (Gdańsk :  |f ZG). 
300 |a 283, [3] strony ;  |c 18 cm. 
920 |a 83-7043-008-2 
942 |c K 
952 |0 0  |1 0  |4 0  |6 R__36_000000000000000  |7 0  |9 56  |a RYT  |b RYT  |d 2026-03-17  |e 1/2026  |g 10.00  |l 0  |o R.36  |p 2000000000367  |r 2026-05-15 14:02:26  |w 2026-05-15  |y BK  |z da 
999 |c 56  |d 56